000 01085nam a22002177a 4500
999 _c62477
_d62477
003 Ge_BSU
005 20241115145436.0
008 241115s1982 ge ||||| |||| 00| 0 geo d
041 _ageo
080 _a613.83:616.89-008.441.33 მ-14
245 _aმავნე ჩვევიდან მძიმე დაავადებამდე :
_bნარკვევები ნარკომანიის შესახებ /
_cა. ზურაბაშვილი, ა. გაბიანი, გ. ლეჟავა, ბ. ნანეიშვილი.
264 _aთბილისი :
_bსაბჭ. საქართველო,
_c1982.
300 _a109 გვ. ;
_b20 სმ.
653 _aნარკოტიკების გავლენა ორგანიზმზე.
653 _aმედიცინა
700 _aზურაბაშვილი, ა
_919726
700 _aგაბიანი, ა.
_923704
700 _aლეჟავა, გ.
_93023
700 _aნანეიშვილი, ბ
_923705
942 _2udc
_cBK